<?xml version="1.0" encoding="UTF-8"?>
<collection xmlns="http://www.loc.gov/MARC21/slim">
 <record>
  <leader>00501pamaa2200169   4500</leader>
  <controlfield tag="001">0000030864</controlfield>
  <controlfield tag="005">20070720090000.0</controlfield>
  <datafield tag="020" ind1="0" ind2="0">
   <subfield code="a">013021437x </subfield>
  </datafield>
  <datafield tag="082" ind1=" " ind2=" ">
   <subfield code="a">621.38216 HAC 2000</subfield>
  </datafield>
  <datafield tag="090" ind1="0" ind2="0">
   <subfield code="a">TK5105.35 </subfield>
   <subfield code="b">HAC 2000</subfield>
  </datafield>
  <datafield tag="100" ind1="1" ind2="0">
   <subfield code="a">Hac </subfield>
  </datafield>
  <datafield tag="245" ind1="1" ind2="0">
   <subfield code="a">Multimedia applications support for wireless atm networks  </subfield>
   <subfield code="c">Anna Hac.</subfield>
  </datafield>
  <datafield tag="260" ind1="0" ind2="0">
   <subfield code="a">New Jersey: </subfield>
   <subfield code="b">Prentice Hall, </subfield>
   <subfield code="c">2000.</subfield>
  </datafield>
  <datafield tag="300" ind1=" " ind2=" ">
   <subfield code="a">x, 310p.: </subfield>
   <subfield code="b">ill.; </subfield>
   <subfield code="c">24cm.</subfield>
  </datafield>
  <datafield tag="650" ind1="0" ind2="0">
   <subfield code="a">Wireless communication systems </subfield>
  </datafield>
  <datafield tag="650" ind1="0" ind2="0">
   <subfield code="a">Multimedia </subfield>
  </datafield>
  <datafield tag="650" ind1="0" ind2="0">
   <subfield code="a">Asynchronous transfer mode </subfield>
  </datafield>
 </record>
</collection>
